Special issue on The Sacred and the Urban in Asia/

में बचाया:
ग्रंथसूची विवरण
मुख्य लेखक: Goh, Daniel (coordinador)
अन्य लेखक: Veer, Peter van der coordinador
स्वरूप: पुस्तक
भाषा:English
टैग: टैग जोड़ें
कोई टैग नहीं, इस रिकॉर्ड को टैग करने वाले पहले व्यक्ति बनें!

MARC

LEADER 00000nam a22000007a 4500
003 cru CIDCACS/IIS
005 20180905114039.0
007 ta
008 180905t2016 sp |||p|r||||||0| ||eng|d
999 |c 41629  |d 41629 
040 |c cru CIDCACS/IIS 
100 1 |9 7615  |a Goh, Daniel  |e coordinador 
245 1 |a Special issue on The Sacred and the Urban in Asia/  |c coordinated by Daniel Goh and Peter van der Veer 
300 |a páginas 367-507 
700 1 |9 7616  |a Veer, Peter van der  |d coordinador 
942 |2 ddc  |c PP 
773 0 |0 40365  |9 2216  |a International Sociological Association, ISA  |d Australia ; Los Angeles: ISA, SAGE Publications  |o 18993  |t International Sociology Reviews/  |x 02685809